[Event "MNE-ch (Women)"]
[Site "Podgorica"]
[Date "2023.12.02"]
[Round "4"]
[White "Djendjinovic, Ines"]
[Black "Milovic, Sofija"]
[Result "0-1"]
[WhiteElo "1278"]
[BlackElo "1290"]
[PlyCount "68"]
[EventDate "2023.11.29"]
[EventType "swiss"]
[EventRounds "7"]
[EventCountry "MNE"]
[SourceTitle "CB50_2023"]
[SourceDate "2023.12.13"]
[SourceVersion "1"]
[SourceVersionDate "2023.12.13"]
[SourceQuality "1"]

1. d4 Nf6 2. c4 e6 3. Nc3 Bb4 4. Qc2 0-0 5. Nf3 d5 6. Bd2 Nbd7 7. e3 c5 8. Bd3 b6 9. a3 Bxc3 10. Bxc3 Qc7 11. Qe2 Ne8 12. 0-0 Nd6 13. cxd5 exd5 14. dxc5 bxc5 15. Ng5 h6 16. Qh5 d4 17. exd4 Nf6 18. Qh4 hxg5 19. Qxg5 Nde4 20. Qh4 Nxc3 21. bxc3 cxd4 22. cxd4 Qc3 23. Rfd1 Be6 24. Qg3 Rac8 25. Rab1 Rfd8 26. Rb7 Rxd4 27. Rb8 Qc5 28. Rdb1 Rdd8 29. h3 Nh5 30. Rxc8 Qxc8 31. Qe5 Qd7 32. Rd1 g6 33. g4 Bxg4 34. hxg4 Qxg4+ 0-1